Imperfect knowledge and monetary policy

Guardado en:
Detalles Bibliográficos
Autor principal: Issing, Otmar
Formato: Libro
Lenguaje:inglés
Publicado: New York Cambridge University Press 2005
Colección:<The> stone lectures in economics
Materias:
Etiquetas: Agregar Etiqueta
Sin Etiquetas, Sea el primero en etiquetar este registro!

MARC

LEADER 00000nam$a2200000$$$4500
001 0100944
005 20240306135230.6
020 |a 0-521-67107-8 
020 |a 978-0-521-67107-1 
041 0 |a eng 
044 |a US 
245 1 0 |a Imperfect knowledge and monetary policy  |c Otmar Issing ... [et al.] 
264 1 |a New York  |b Cambridge University Press  |c 2005 
300 |a 138 s. 
490 1 |a <The> stone lectures in economics 
830 0 |a <The> stone lectures in economics 
610 2 0 |a politika peňažná 
610 2 0 |a firmy 
610 2 0 |a banky 
610 2 0 |a cykly obchodné 
610 2 0 |a sektor súkromný 
610 2 0 |a inflácia 
610 2 0 |a eurozóna 
610 2 0 |a modely ekonometrické 
610 2 0 |a banky centrálne 
100 1 |a Issing, Otmar